000 004760000a22001810004500
003 MACL
005 20160102115007.0
008 160102b xxu||||| |||| 00| 0 eng d
040 _aMACL
_cMACL
041 _aEnglish
082 _a610/RPH
100 _aRamesh Publishing House
_926818
245 _aAIIMS DELHI
_bMedical Entrance Examination
260 _bRamesh Publishing House
_aNew Delhi
350 _a75
650 _aMedical Science
_926819
942 _cBK
_k610/RPH
_2ddc
999 _c36658
_d36658